MARC details
| 000 -CABECERA |
| campo de control de longitud fija |
02034nas a2200289 i 4500 |
| 005 - FECHA Y HORA DE LA ÚLTIMA TRANSACCIÓN |
| campo de control |
20260312155116.0 |
| 007 - CAMPO FIJO DE DESCRIPCIÓN FÍSICA--INFORMACIÓN GENERAL |
| campo de control de longitud fija |
ta |
| 008 - DATOS DE LONGITUD FIJA--INFORMACIÓN GENERAL |
| campo de control de longitud fija |
260312e2022 dr mn|p|r||||||0| | spa d |
| 022 ## - NÚMERO INTERNACIONAL NORMALIZADO PARA PUBLICACIONES SERIADAS |
| Número Internacional Normalizado para Publicaciones Seriadas |
2811-5058 |
| 040 ## - FUENTE DE LA CATALOGACIÓN |
| Centro/agencia transcriptor |
DO-SdBNP |
| Centro catalogador/agencia de origen |
AGN |
| Lengua de catalogación |
spa |
| Normas de descripción |
rda |
| 041 ## - CÓDIGO DE LENGUA |
| Código de lengua del texto/banda sonora o título independiente |
spa |
| 110 ## - ENTRADA PRINCIPAL--NOMBRE DE ENTIDAD CORPORATIVA |
| Nombre de entidad corporativa o nombre de jurisdicción como elemento de entrada |
Liga Municipal Dominicana |
| 9 (RLIN) |
2379 |
| 245 ## - MENCIÓN DE TÍTULO |
| Título |
Miradas Municipales / |
| Mención de responsabilidad, etc. |
Liga Municipal Dominicana |
| 264 ## - PRODUCCIÓN, PUBLICACIÓN, DISTRIBUCIÓN, FABRICACIÓN Y COPYRIGHT |
| Producción, publicación, distribución, fabricación y copyright |
Santo Domingo, República Dominicana : |
| Nombre del de productor, editor, distribuidor, fabricante |
Liga Municipal Dominicana, |
| Fecha de producción, publicación, distribución, fabricación o copyright |
2022. |
| 300 ## - DESCRIPCIÓN FÍSICA |
| Extensión |
volumen : |
| Otras características físicas |
ilustraciones, fotografías ; |
| Dimensiones |
26.5 cm. |
| 310 ## - PERIODICIDAD ACTUAL |
| Periodicidad actual |
mensual. |
| 336 ## - TIPO DE CONTENIDO |
| Término de tipo de contenido |
texto |
| Código de tipo de contenido |
txt |
| Fuente |
rdacontent |
| 337 ## - TIPO DE MEDIO |
| Nombre/término del tipo de medio |
sin mediación |
| Código del tipo de medio |
n |
| Fuente |
rdamedia |
| 338 ## - TIPO DE SOPORTE |
| Nombre/término del tipo de soporte |
volumen |
| Código del tipo de soporte |
nc |
| Fuente |
rdacarrier |
| 362 ## - FECHAS DE PUBLICACIÓN Y/O DESIGNACIÓN SECUENCIAL |
| Fecha de publicación y/o designación secuencial |
Año 2. No. 2, abril 2022. |
| 500 ## - NOTA GENERAL |
| Nota general |
Catalogación basada en el: Año 2. No. 2, abril 2022. |
| 500 ## - NOTA GENERAL |
| Nota general |
Indicadores de seguridad y convivencia ciudadana en los territorios. |
| 520 ## - SUMARIO, ETC. |
| Sumario, etc. |
En junio de 2021 el Gobierno inició el piloto de una nueva estrategia de seguridad para reducir los niveles de criminalidad, denominada Estrategia Integral de Seguridad Ciudadana: Mi País Seguro, en línea con la necesidad de que los dominicanos y dominicanas se sientan y habiten en comunidades más seguras y de pleno disfrute de sus derechos fundamentales. La Estrategia Integral de Seguridad Ciudadana: Mi País Seguro, plantea la <br/>necesidad de establecer un sistema que coordine horizontalmente instituciones y sectores, verticalmente niveles de gobierno (nacional, provincial y local), así como esfuerzos de la cooperación internacional al desarrollo. Esta estrategia fue definida en el marco del Plan de Seguridad Ciudadana que el Gobierno ha diseñado con el objetivo de construir comunidades pacíficas, lo que contribuirá a mejorar la calidad de vida de la gente (PNPSP 2021-2024). |
| 650 #0 - PUNTO DE ACCESO ADICIONAL DE MATERIA--TÉRMINO DE MATERIA |
| Término de materia o nombre geográfico como elemento de entrada |
Liga municipal dominicana |
| Subdivisión general |
Indicadores |
| 9 (RLIN) |
89204 |
| Subdivisión de forma |
Publicaciones periódicas |
| 856 ## - LOCALIZACIÓN Y ACCESO ELECTRÓNICOS |
| Texto de enlace |
https://lmd.gob.do/transparencia/phocadownload/Planificacion/2022/Publicaciones/Miradas%20Municipales%20abril%202022.pdf |
| 942 ## - ELEMENTOS DE PUNTO DE ACCESO ADICIONAL (KOHA) |
| Fuente del sistema de clasificación o colocación |
Dewey Decimal Classification |
| Tipo de ítem Koha |
Publicación periódica |